000 00518 a2200145 4500
005 20250616121436.0
020 _a978-1-911382-53-9
082 _a374.305 LEN
100 _aLENON, B.
245 _aOther People's Children: What Happens To Those In The Bottom 50% academically?
260 _aWoodbridge,
_bJohn Catt Educational Ltd,
_c2018.
300 _a324p.: ill.; graph, figure, picture, table.
_bBibliography, index.
_c22cm.
856 _yAccess online book
_fOther People Children
_dwww.johncatt.com
942 _2ddc
_cBKS
999 _c4129
_d4129